[Event "GCT Croatia Blitz 2021"]
[Site "Zagreb"]
[Date "2021.07.10"]
[Round "7"]
[White "Kasparov, Garry"]
[Black "Giri, Anish"]
[Result "0-1"]
[WhiteElo "2812"]
[BlackElo "2776"]
[Annotator "TA"]
[PlyCount "64"]
[EventDate "2021.07.10"]
[EventType "tourn"]
[EventCountry "CRO"]
[SourceTitle "playchess.com"]
[Source "ChessBase"]
[SourceQuality "1"]

{[%evp 9,64,-3,-4,-4,0,-6,-5,3,22,0,0,0,0,0,0,0,24,35,32,18,24,0,0,-20,10,-13,
-44,-43,0,-37,-39,-46,14,-49,98,47,54,51,49,8,33,20,51,51,50,53,50,54,58,22,10,
26,226,-413,-407,-391,-225]} 1. c4 Nf6 2. Nc3 e5 3. e3 Nc6 4. a3 d5 5. cxd5
Nxd5 6. Qc2 {A25: English Opening vs King's Indian with ...Nc6 but without
early d3.} Nxc3 7. bxc3 {[#]} Qd6 $146 ({Predecessor:} 7... Qg5 8. Nf3 Qg6 9.
Qxg6 hxg6 10. d4 Bd6 11. Rb1 b6 12. Bb5 Bd7 13. Nd2 Na5 14. a4 f6 15. Ke2 Ke7
16. Bxd7 Kxd7 17. h3 Ke6 {1/2-1/2 (17) Malakhatko,V (2456)-Sadzikowski,D (2502)
Suwalki 2019}) 8. Bd3 {The position is equal.} Be6 9. Rb1 O-O-O 10. Be2 g5 11.
Nf3 Be7 12. d4 Kb8 13. O-O g4 14. Nd2 f5 15. Nc4 Qd7 16. Rd1 Bd5 17. Bd3 (17.
dxe5 Qe6 $17) 17... Rhf8 18. a4 ({Of course not} 18. Nxe5 Nxe5 19. dxe5 Be4 $17
) 18... Qe6 19. Nd2 (19. Qb2 $5 {[%cal Rb2b7]} b6 20. Qb5 $11) 19... exd4 20.
exd4 f4 (20... b6 $15) 21. Ne4 ({But not} 21. Qb2 b6 $17) (21. Be4 $11) 21...
g3 (21... b6 $15 {keeps the upper hand.}) 22. hxg3 ({White should try} 22. fxg3
$16 fxg3 23. Nxg3) 22... fxg3 $14 23. fxg3 h5 24. Bf4 h4 $1 {White should
prevent ...hxg3.} 25. Re1 $40 {[%mdl 128] [#] And now Nc5 would win. White has
some attack.} Qd7 26. Qb2 {[%csl Gb1][%cal Rb2b7]} b6 27. Nc5 Bxc5 28. dxc5
Rxf4 29. cxb6 axb6 30. gxf4 {Black must now prevent Rbd1.} h3 $2 {[#]} (30...
Rg8 $1 $11 {and Black stays safe.} 31. Be4 Bxe4 32. Rxe4 h3) 31. a5 $4 {
[%mdl 8192]} (31. g3 $1 $18) 31... Rg8 $19 32. Bf1 ({Not} 32. Re2 $2 Bxg2 33.
Rxg2 Rxg2+ 34. Qxg2 hxg2 $19) 32... hxg2 {Weighted Error Value: White=0.31/
Black=0.31} (32... Bxg2 $142 33. Bxg2 Rxg2+ 34. Qxg2 hxg2 35. axb6 Qh3) 0-1

[Event "GCT Croatia Blitz 2021"]
[Site "Zagreb"]
[Date "2021.07.10"]
[Round "7"]
[White "Grischuk, Alexander"]
[Black "Nepomniachtchi, Ian"]
[Result "1/2-1/2"]
[WhiteElo "2778"]
[BlackElo "2792"]
[Annotator "TA"]
[PlyCount "89"]
[EventDate "2021.07.10"]
[EventType "tourn"]
[EventCountry "CRO"]
[SourceTitle "playchess.com"]
[Source "ChessBase"]
[SourceQuality "1"]

{[%evp 11,89,34,30,19,19,14,18,22,14,22,18,6,22,16,45,18,36,20,35,19,34,10,34,
22,25,4,23,0,0,0,18,0,3,7,12,12,5,8,10,6,8,12,38,0,6,0,41,26,80,18,12,13,23,9,
12,6,6,6,6,6,6,6,24,36,28,17,34,17,25,9,14,0,0,0,0,0,0,0,0,0]} 1. e4 c5 2. Nf3
e6 3. d4 cxd4 4. Nxd4 Nc6 5. Nc3 a6 6. Be2 Qc7 7. Nxc6 {B47: Sicilian:
Taimanov: 5 Nc3 Qc7 6 f4, 6 g3 and 6 Be2.} bxc6 8. Qd3 d5 9. Qg3 Qxg3 10. hxg3
Nf6 {[#]} 11. f3 $146 ({Predecessor:} 11. g4 Bb4 12. Bd2 d4 13. e5 Nd7 14. Ne4
Bxd2+ 15. Nxd2 c5 16. Nc4 Ke7 17. Bf3 {1-0 (38) Karjakin,S (2752)-Cori,J (2652)
Chess.com INT 2020}) 11... a5 12. g4 Ba6 13. g5 {Threatens to win with Bxa6.}
Nd7 14. Bxa6 Rxa6 15. Ke2 a4 16. Bd2 h5 17. gxh6 gxh6 18. b3 Bg7 19. Rac1 ({
Don't blunder} 19. bxa4 $2 d4 $19) 19... axb3 20. axb3 Rg8 (20... h5 {seems
wilder.} 21. Ra1 Rxa1 22. Rxa1 dxe4 23. fxe4 Ke7) 21. g4 (21. exd5 {keeps more
tension.} cxd5 22. Nb5 Be5 23. Kf1 Rb6 24. Nc3) 21... Bxc3 22. Bxc3 dxe4 23.
Rxh6 exf3+ 24. Kxf3 Ra2 25. Rh5 Ke7 26. Bb4+ Kf6 27. Bc3+ Ke7 28. Bb4+ Kf6 29.
Rd1 c5 {[#]} 30. Bc3+ (30. Be1 $1 $16 Ra7 31. Bh4+ Kg6 32. Bg3) 30... Ke7 $11
31. Rd2 Ra6 32. Kf4 (32. Rf2 {feels hotter.} Ke8 33. Re2 Rd6 34. Rh1 Ra6 35.
Re4) 32... Rd6 33. Rxd6 Kxd6 {[%mdl 4096] Endgame KRB-KRN} 34. g5 Nf8 35. Rh1
Ng6+ 36. Ke4 Ne7 37. Bd2 Nf5 {Strongly threatening ...Ng3+.} 38. Bf4+ Ke7 $1
39. Ra1 Rd8 $1 40. Be5 {aiming for Bf6+.} Rd2 $1 {The position is equal.} 41.
Ra7+ Ke8 42. Ra8+ Kd7 43. Ra7+ Ke8 44. Ra8+ Kd7 $1 45. Ra7+ {Weighted Error
Value: White=0.12/Black=0.06} 1/2-1/2

[Event "GCT Croatia Blitz 2021"]
[Site "Zagreb"]
[Date "2021.07.10"]
[Round "7"]
[White "Duda, Jan-Krzysztof"]
[Black "Vachier-Lagrave, Maxime"]
[Result "1/2-1/2"]
[WhiteElo "2738"]
[BlackElo "2749"]
[Annotator "TA"]
[PlyCount "134"]
[EventDate "2021.07.10"]
[EventType "tourn"]
[EventCountry "CRO"]
[SourceTitle "playchess.com"]
[Source "ChessBase"]
[SourceQuality "1"]

{[%evp 9,134,16,38,27,31,0,40,35,55,0,10,6,6,-15,-18,-25,-12,-15,7,12,11,2,1,0,
0,0,0,0,0,0,0,0,0,0,0,-16,7,-21,0,0,0,-10,0,0,58,58,45,61,94,26,229,237,244,29,
259,229,220,126,131,121,247,177,166,33,35,40,39,47,97,93,109,26,356,356,421,
427,418,418,345,394,373,410,618,227,618,613,556,538,1414,1335,1343,1416,1008,
1339,1243,900,29963,29965,29963,29963,5097,2359,29970,29972,29967,29968,29970,
0,0,0,0,0,0,0,0,0,0,0,0,0,0,0,0,0,0,0,0]} 1. d4 Nf6 2. c4 g6 3. Nc3 d5 4. cxd5
Nxd5 5. Bd2 Nb6 6. e3 {D85: Exchange Grünfeld: Unusual White 7th moves and
lines with 7 Nf3.} Bg7 7. h4 $1 {[%mdl 4] is now more promising than 7.f4.}
N8d7 8. h5 {[#] White is slightly better.} e5 $146 ({Predecessor:} 8... c5 9.
hxg6 hxg6 10. Rxh8+ Bxh8 11. Nf3 cxd4 12. exd4 Nf6 13. Bb5+ Bd7 14. Qe2 Bxb5
15. Qxb5+ {0-1 (37) Ioannidis,E (2411)-Petriashvili,N (2424) Chess.com INT 2021
}) 9. h6 Bf6 10. d5 O-O 11. e4 c6 12. dxc6 bxc6 13. Be3 Bg5 14. Qd2 Bxe3 15.
Qxe3 Qe7 16. Nf3 Nc5 17. Be2 (17. b4 {looks sharper.} Nb7 18. Be2 f6 19. a3 Be6
20. O-O) 17... Bg4 18. O-O Bxf3 19. Bxf3 Ne6 20. Rac1 Rad8 {And now ...Nc4
would win.} 21. Ne2 c5 22. Nc3 Nd4 23. Nd5 Nxd5 24. exd5 Rfe8 25. Rfe1 Qd6 26.
Qa3 g5 (26... Qf8 $11) 27. Rxc5 $14 Qxh6 28. Qxa7 f5 29. d6 (29. Qa3 $16) 29...
e4 $2 {[#]} (29... Qxd6 $11 30. Bd5+ Kh8) 30. d7 $1 $18 Rf8 (30... Nxf3+ 31.
gxf3) 31. Rd5 $2 Nxf3+ $2 ({Wrong is} 31... Nc6 $2 32. Qc7 $18) (31... Nc2 $1
$11 {and Black is okay.} 32. Red1 exf3) 32. gxf3 exf3 33. Qe3 (33. Qc7 $1 $18 {
aiming for Rxf5!} Qh3 34. Qg3 Qxg3+ 35. fxg3) 33... Qh5 $16 {( -> ...Qg4+)} 34.
Qe6+ Kg7 (34... Rf7 $16 35. Qe8+ {[%mdl 64] Double Attack} Kg7 36. Qe5+ Kg8)
35. Qe5+ Rf6 36. Qh2 (36. a4 $1 $18) 36... Qg4+ $14 37. Qg3 Qxg3+ 38. fxg3 {
[%mdl 4096] Endgame Black must now prevent Re8. KRR-KRR} Rf7 39. Red1 g4 40. a4
(40. b4 $1 $16) 40... Kg6 $2 {[%mdl 8192]} (40... h5 $1 $11) 41. a5 $1 $18 h5
42. a6 f4 {[#]} 43. gxf4 Rxf4 {[#]} 44. R5d4 $1 {[%cal Rd4f4]} Rf7 45. Kf2 Re7
(45... g3+ $142 46. Kxg3 f2) 46. Kg3 $2 (46. a7) 46... Re2 $2 (46... Re5 47.
Ra1 Kf5) 47. a7 Rg2+ 48. Kf4 Rf8+ 49. Ke5 Re2+ 50. Re4 Rxe4+ 51. Kxe4 {KR-KR}
f2 52. b4 g3 53. d8=Q {[%mdl 64] Promotion} Rxd8 54. Rxd8 f1=Q 55. a8=Q (55.
Rg8+ $142 Kh6 56. a8=Q Qe2+ 57. Kf4 Qf1+ 58. Ke5 Qe2+ 59. Qe4 Qb2+ 60. Kd6)
55... Qe2+ 56. Kf4 Qg4+ 57. Ke3 Qg5+ 58. Kf3 $2 (58. Ke2 {mates} Qb5+ 59. Rd3
Qc4 60. Qe8+ Kf6 61. Qxh5 Qc2+ 62. Ke3 Qc1+ 63. Kf3 Qf1+ 64. Ke4) 58... Qg4+
$11 {The position is equal.} 59. Kg2 Qe2+ 60. Kxg3 Qe3+ $1 61. Kh2 {Qc6+ would
kill now.} Qe5+ 62. Kg1 Qe1+ 63. Kg2 Qe2+ 64. Kg3 {White threatens Rd6+ and
mate.} Qe3+ $1 65. Kh2 {White wants to mate with Qc6+.} Qe5+ 66. Kh1 {
Intending Qc6+ and mate.} Qe1+ 67. Kh2 {Threatening mate with Rd6+.} Qe5+ $1 {
Black escapes into a draw.  Weighted Error Value: White=0.40/Black=0.69}
1/2-1/2

[Event "GCT Croatia Blitz 2021"]
[Site "Zagreb"]
[Date "2021.07.10"]
[Round "7"]
[White "Van Foreest, Jorden"]
[Black "Anand, Viswanathan"]
[Result "0-1"]
[WhiteElo "2688"]
[BlackElo "2753"]
[Annotator "TA"]
[PlyCount "94"]
[EventDate "2021.07.10"]
[EventType "tourn"]
[EventCountry "CRO"]
[SourceTitle "playchess.com"]
[Source "ChessBase"]
[SourceQuality "1"]

{[%evp 12,94,12,16,22,15,24,19,16,10,14,5,13,3,3,6,14,11,38,38,34,36,34,54,42,
26,29,24,29,14,72,21,33,33,50,0,13,18,11,0,2,0,0,0,15,0,24,20,63,20,33,17,20,0,
67,60,64,-92,0,0,0,-96,0,0,0,-98,0,0,0,-94,-94,-96,-97,-96,-75,-622,-622,-614,
-602,-796,-773,-864,-775,-800,-775]} 1. e4 e5 2. Nf3 Nc6 3. Bc4 Bc5 4. c3 Nf6
5. d3 O-O 6. O-O d6 7. Re1 a6 {C54: Giuoco Piano: 4 c3 Nf6, main lines with 5
d4 and 5 d3.} 8. Nbd2 {[%cal Bb1d2,Bd2f1,Bf1g3][%mdl 32]} Ba7 9. Nf1 {now
scores much better than the old 9.Bb3.} Na5 {The position is equal.} 10. Bb3
Nxb3 11. axb3 Re8 12. Ng3 h6 13. h3 Bd7 {[#]} 14. b4 $146 ({Predecessor:} 14.
Bd2 Qe7 15. d4 Qf8 16. Qc2 Bb6 17. Be3 Re7 18. Re2 Rae8 19. Rae1 g6 20. Qd2 {
1/2-1/2 (39) Svane,R (2592)-Mastrovasilis,A (2521) Batumi 2019}) 14... c5 15.
bxc5 Bxc5 16. d4 Bb6 17. Be3 a5 18. c4 a4 19. Qd3 Ra6 20. Rad1 exd4 (20... Ba5
$11) 21. Bxd4 (21. Nxd4 $16 Bc5 22. Ndf5 Bxf5 23. Bxc5 (23. Nxf5 Nxe4 24. Bd4
Bxd4 $14) (23. exf5 Bxe3 24. Rxe3 Rxe3 $15)) 21... Bxd4 22. Nxd4 {Strongly
threatening Ndf5.} Qb6 23. Qc3 Qa5 24. Qxa5 Rxa5 25. f3 {Threatening Ndf5.} Rc8
26. Ndf5 Bxf5 27. Nxf5 Rxc4 28. Rxd6 Rc2 29. Rb6 Rc7 30. Ra1 Nd7 31. Rd6 {
[#] Hoping for Ne7+.} Ne5 32. Rd4 b5 (32... Nc4 $11) 33. Rd5 $14 Nc4 34. Rb1 $2
(34. Rc1 $14 {keeps the upper hand.}) 34... Nb6 ({Black should try} 34... b4
$17) 35. Re5 (35. Rd6 $11 {keeps the balance.} Nc4 36. Rd4) 35... Nc4 $36 {
[%mdl 2048] Black has good play.} 36. Rd5 Nb6 ({Black should play} 36... b4 $17
) 37. Rd6 (37. Re5 $11 {remains equal.}) 37... Nc4 38. Rd5 Nb6 39. Rd6 Nc4 40.
Rd5 b4 {[%cal Bb5b4,Bb4b3][%mdl 32]} 41. Rc1 Raa7 42. Rb5 b3 43. Rb1 {[%mdl
8192] [#] White does not recover from this.} (43. Ne7+ $17 Rxe7 44. Rxc4) 43...
Nd2 $19 {Black is clearly winning.} 44. Ra1 Rc2 45. Nd4 Rxb2 46. Ra3 Rb1+ 47.
Kf2 Nc4 {Weighted Error Value: White=0.28/Black=0.17} 0-1

[Event "GCT Croatia Blitz 2021"]
[Site "Zagreb"]
[Date "2021.07.10"]
[Round "7"]
[White "Korobov, Anton"]
[Black "Mamedyarov, Shakhriyar"]
[Result "1-0"]
[WhiteElo "2683"]
[BlackElo "2782"]
[Annotator "TA"]
[PlyCount "94"]
[EventDate "2021.07.10"]
[EventType "tourn"]
[EventCountry "CRO"]
[SourceTitle "playchess.com"]
[Source "ChessBase"]
[SourceQuality "1"]

{[%evp 9,94,0,0,-4,1,0,-8,-14,49,20,63,66,75,33,72,73,200,200,214,211,208,206,
318,331,390,358,400,378,442,410,593,592,878,456,444,437,445,428,556,350,566,
453,458,458,458,458,453,454,446,443,435,422,441,420,342,300,300,300,303,305,
830,830,830,830,830,830,818,791,725,0,695,399,366,334,346,71,87,147,391,319,
341,356,639,519,5057,8,8]} 1. d4 d5 2. c4 dxc4 3. e3 e5 4. Bxc4 Nc6 5. d5 Na5
6. Qa4+ {D20: Queen's Gambit Accepted: 3 e3 and 3 e4.} c6 7. dxc6 Nxc6 8. Nf3 {
aiming for Nxe5.} Bd7 (8... Bd6 $11) 9. O-O {[#]} Be7 $146 ({Predecessor:} 9...
Bd6 10. Qb3 Qe7 11. Bd2 e4 12. Nd4 Nxd4 13. exd4 Nf6 14. h3 O-O 15. Nc3 Rac8 {
0-1 (35) Rodrigues da Silva,E (2168)-Silveira Filho,N (2246) Joao Pessoa 2012})
10. Qb3 Na5 11. Bxf7+ {[%mdl 64] Double Attack} Kf8 12. Qd1 {And now Bxg8
would win.} Kxf7 (12... Bb5 $16) 13. Nxe5+ $18 Ke8 14. Qd5 {[%csl Ge5][%cal
Rd5f7]} (14. Nxd7 Nc6 $15) 14... Nh6 15. Nxd7 Rc8 {[#]} (15... Nc6 {might work
better.}) 16. Nc3 $1 Qc7 {intending ...Nf7.} (16... Qxd7 17. Qxa5) 17. Ne5 Rd8
18. Qb5+ Kf8 {With the idea ...a6.} 19. f4 g6 (19... Nc6 {was called for.} 20.
Nd5 Qa5 21. Qxa5 Nxa5) 20. Nd5 Qc5 21. Qxc5 Bxc5 {[#]} 22. b4 $1 Rxd5 23. bxc5
(23. bxa5 Nf7 $18) 23... Nf7 24. Bb2 {Threatens to win with Nxf7.} Rg8 $2 (
24... Nxe5 {was necessary.} 25. e4 Rd3 26. Bxe5 Rg8) 25. Rfd1 Rxd1+ 26. Rxd1
Nxe5 27. Rd8+ (27. fxe5 Ke7 $16) ({Not} 27. Bxe5 Nc6 $18) 27... Kf7 28. Rxg8
Kxg8 29. Bxe5 {[%mdl 4096] Endgame KB-KN} Kf7 30. Kf2 Ke6 31. g4 Kd5 32. Bd4
Ke4 33. h4 Nc6 34. Kg3 a5 $2 (34... a6 35. h5 Nd8) 35. h5 gxh5 36. gxh5 Ne7 37.
a4 Nf5+ 38. Kg4 h6 39. Kh3 $2 (39. c6 $18 bxc6 40. Bc5) 39... Kf3 $2 {[%mdl
8192]} (39... Nxd4 $11 40. exd4 Kxd4) 40. Kh2 Ne7 41. Kg1 Nf5 {[#]} 42. Kf1 $2
(42. c6 $1 $18 {[%cal Rc6b7]} bxc6 43. Bb6) 42... Ng3+ $16 43. Ke1 Ke4 $2 (
43... Kg4 $16) 44. c6 bxc6 45. Bc3 Nxh5 $2 (45... Nf5 46. Bd2 (46. Bxa5 Nxe3
47. Bc7 Kd5 $18) 46... c5 47. Bxa5 Nxe3) 46. Bxa5 $18 Kxe3 (46... Nf6 $142 47.
Bd8 Nd7) 47. Bc3 $2 (47. Bb6+ $18 Ke4 48. a5) 47... Nxf4 {[%mdl 32768]
Weighted Error Value: White=0.35/Black=0.44. Loss on time!?} 1-0

[Event "GCT Croatia Blitz 2021"]
[Site "Zagreb"]
[Date "2021.07.10"]
[Round "8"]
[White "Nepomniachtchi, Ian"]
[Black "Duda, Jan-Krzysztof"]
[Result "1-0"]
[WhiteElo "2792"]
[BlackElo "2738"]
[Annotator "TA"]
[PlyCount "97"]
[EventDate "2021.07.10"]
[EventType "tourn"]
[EventCountry "CRO"]
[SourceTitle "playchess.com"]
[Source "ChessBase"]
[SourceQuality "1"]

{[%evp 9,97,27,10,10,10,8,10,10,14,11,11,2,7,7,9,8,8,3,5,5,8,6,14,14,12,15,12,
5,27,18,26,22,41,47,53,39,63,71,54,58,86,51,53,14,93,88,88,86,114,114,118,81,
125,110,121,127,137,135,142,143,145,139,140,138,139,131,175,147,202,188,210,
210,210,210,250,209,415,391,428,402,380,377,387,380,506,472,768,745,1234,1150]
} 1. c4 e6 2. g3 d5 3. Bg2 Nf6 4. Nf3 dxc4 5. Qa4+ Bd7 6. Qxc4 {A13: English
Opening: 1...e6.} c5 7. Ne5 Qc8 8. Qd3 {The position is equal.} Nc6 9. Nxd7
Nxd7 10. Nc3 {10.b3 is the modern continuation.} Be7 11. O-O O-O 12. b3 Rd8 13.
Bb2 Nf6 14. Qc2 Qd7 15. Rfd1 Rac8 16. Rac1 h6 17. d3 b6 {[#]} 18. e3 $146 ({
Predecessor:} 18. Qb1 Ne8 19. e3 Bf6 20. a3 h5 21. Ba1 Qe7 22. h4 {1/2-1/2 (48)
Andersen,M (2605)-Diermair,A (2507) Batumi 2018}) 18... Nd5 19. Nxd5 exd5 20.
Qe2 Qd6 21. Qh5 Bf6 22. Ba3 Qe5 23. Qxe5 Bxe5 24. f4 Bf6 25. Bh3 Rc7 26. b4 (
26. d4 $5) 26... cxb4 {[#]} (26... Re7 $11) 27. Bxb4 $1 $16 {[%mdl 64] Pin} a5
28. Bd2 Rd6 29. Rc2 Ra7 30. a3 Ne7 31. Rb1 g6 32. Rb5 Kg7 33. Kf2 h5 34. Bg2
Rad7 35. h3 Kf8 36. g4 hxg4 37. hxg4 Ke8 38. a4 Bg7 (38... Bh4+ $16 {is a
better defense.} 39. Kf3 Nc6) 39. Bc1 $18 Re6 40. Ba3 Kd8 41. d4 Bf8 42. g5 $40
{[%mdl 128] [#] Black must now prevent Bh3. White is out for blood.} Bg7 $2 (
42... Rc7 {keeps fighting.} 43. Bxe7+ Rexe7) 43. Bxe7+ Kxe7 44. Bxd5 Red6 45.
Bc6 Rc7 46. d5 f6 47. e4 {White is clearly winning.} fxg5 (47... Kf8 $142 48.
Rxb6 Rd8 49. gxf6 Bxf6) 48. e5 Rd8 49. d6+ {Weighted Error Value: White=0.06/
Black=0.23} 1-0

[Event "GCT Croatia Blitz 2021"]
[Site "Zagreb"]
[Date "2021.07.10"]
[Round "8"]
[White "Giri, Anish"]
[Black "Korobov, Anton"]
[Result "0-1"]
[WhiteElo "2776"]
[BlackElo "2683"]
[Annotator "TA"]
[PlyCount "148"]
[EventDate "2021.07.10"]
[EventType "tourn"]
[EventCountry "CRO"]
[SourceTitle "playchess.com"]
[Source "ChessBase"]
[SourceQuality "1"]

{[%evp 18,148,25,29,26,21,41,44,34,31,41,30,74,72,57,27,36,0,35,25,32,21,35,32,
35,30,72,26,57,33,62,25,40,41,46,53,62,57,64,33,67,65,66,0,52,52,48,25,18,18,
47,52,58,39,59,52,58,51,75,68,75,58,56,60,110,12,14,0,43,0,0,0,0,0,0,0,0,0,0,0,
0,0,0,0,0,0,0,0,0,0,0,0,0,0,0,0,232,212,223,228,546,450,449,436,453,465,435,0,
479,0,295,8,398,0,0,-809,-774,-826,-792,-4323,-3427,-1826,-1701,-1513,-1506,
-29963,-12822,-29992,-29993,-29994,-29995,-29996,-29997]} 1. e4 c5 2. Nf3 Nc6
3. Bb5 e6 4. O-O Nge7 5. Re1 a6 6. Bf1 Ng6 7. c3 Be7 8. d4 cxd4 9. cxd4 d5 10.
e5 O-O {B30: Sicilian: 2...Nc6 3 Bb5, lines without ...g6.} 11. Nc3 f6 12. exf6
Bxf6 {White is slightly better.} 13. Be3 Bd7 14. Bd3 {[#]} Rc8 $146 ({
Predecessor:} 14... Nge7 15. Qd2 g6 16. Bg5 Rc8 17. Qe3 Nb4 18. Bxf6 Rxf6 19.
Ne5 Nf5 20. Bxf5 exf5 {1-0 (35) Sargsyan,S (3031)-Grekh,A (2508) Chess.com INT
2019}) 15. Bxg6 hxg6 16. Qd2 Be7 17. Bf4 Na5 (17... g5 $5 18. Bxg5 Nxd4 19.
Qxd4 Bxg5 $14) 18. Ne5 Nc4 19. Nxc4 Rxc4 20. Be5 Bf6 21. Rad1 Qb6 22. h3 a5 23.
a3 a4 24. Re2 Bxe5 25. Rxe5 Rf5 26. Re3 Be8 27. g4 Rf8 28. Re5 Bd7 29. Kg2 Rf7
30. Re2 (30. Kg3 $14) 30... Rf8 (30... Qd8 $1 $11) 31. Qe3 $14 Qd6 32. Qg3
Qxg3+ 33. Kxg3 b5 34. Na2 g5 35. Nb4 Rf4 36. Red2 Kh7 37. f3 Kh6 38. h4 Rf8 {
White should prevent ...gxh4+.} 39. hxg5+ Kxg5 40. Re1 Rh8 41. Re5+ ({White
should try} 41. f4+ $16 Kf6 42. g5+ Kf5 43. Nc2) 41... Kf6 $11 42. Re1 g5 43.
Nc2 Be8 44. Rde2 Bf7 45. Rd2 Bg6 46. Nb4 Rhc8 47. Na6 Rc2 48. Ree2 Rxd2 49.
Rxd2 {[%mdl 4096] Endgame KRB-KRN} e5 50. Nb4 Bf7 51. dxe5+ Kxe5 52. Nd3+ Kd4 {
aiming for ...Ke3.} 53. Kf2 Rh8 54. Nb4+ Kc4 55. Kg3 d4 56. Nc6 {Black must
now prevent Ne5+.} d3 $2 (56... Rf8 $11) 57. Ne5+ $18 {[%mdl 64] Double Attack}
Kd4 58. Nxf7 {KRN-KR} Rg8 (58... Rf8 {is more resistant.} 59. Nxg5 Ke3) 59. Nd6
Ke3 60. Ne4 Rc8 61. Rd1 Rc2 {[#]} 62. Nxg5 $2 (62. Re1+ $1 $18 Re2 63. Rb1)
62... Rxb2 $2 {[%mdl 8192]} (62... Ke2 $11 {and Black is okay.} 63. Rg1 d2) 63.
Ne6 $2 (63. Ne4 $18) 63... b4 $2 {[%mdl 8192] [#]} (63... d2 $11 {and Black
stays safe.}) 64. axb4 $2 (64. g5 $1 $18 {[%cal Rg5g6] g6 is the strong threat.
} bxa3 65. g6) 64... a3 $2 {[%mdl 8192]} (64... d2 $1 $11 65. Nc5 Ke2 66. Nxa4
Rb3 67. Rxd2+ Kxd2) 65. Nf4 $2 ({White should play} 65. Re1+ $18 Re2 66. Ra1)
65... d2 $11 {Hoping for ...a2.} 66. Ra1 $2 {[%mdl 8192]} (66. g5 $11 a2 67. g6
) 66... a2 $19 67. Nd5+ Kd3 68. b5 Rb1 69. Nf4+ Kc4 70. Rxa2 d1=Q 71. Ng2 Qd6+
72. f4 Rb3+ {Black mates.} 73. Kf2 Qd4+ 74. Ne3+ Qxe3+ {What a bad dream for
White.  Weighted Error Value: White=0.13/Black=0.27} 0-1

[Event "GCT Croatia Blitz 2021"]
[Site "Zagreb"]
[Date "2021.07.10"]
[Round "8"]
[White "Anand, Viswanathan"]
[Black "Mamedyarov, Shakhriyar"]
[Result "1/2-1/2"]
[WhiteElo "2753"]
[BlackElo "2782"]
[Annotator "TA"]
[PlyCount "128"]
[EventDate "2021.07.10"]
[EventType "tourn"]
[EventCountry "CRO"]
[SourceTitle "playchess.com"]
[Source "ChessBase"]
[SourceQuality "1"]

{[%evp 15,128,15,12,16,14,13,28,-26,27,12,18,11,0,0,-4,-9,-4,-13,0,0,28,-12,0,
-29,0,12,0,-51,-40,-50,-33,-26,-33,-29,-31,-37,-25,-50,-20,-53,-37,-41,-41,-44,
-37,-82,-82,-120,-113,-124,-121,-121,-113,-153,-149,-155,-155,-164,-161,-145,
-131,-131,-131,-131,-127,-131,-131,-131,-131,-140,-154,-154,-140,-140,-140,
-142,-131,-131,-131,-142,-131,-131,-131,-142,-131,-142,-131,-142,-131,-143,
-131,-148,-131,-131,-131,-131,-131,-131,0,0,0,0,0,0,0,0,0,0,0,0,0,0,0,0,0]} 1.
e4 e5 2. Nf3 Nc6 3. Bc4 Bc5 4. O-O Nf6 5. d3 O-O 6. c3 d5 7. exd5 Nxd5 8. Re1
Bg4 9. h3 {C54: Giuoco Piano: 4 c3 Nf6, main lines with 5 d4 and 5 d3.} Bh5 10.
Nbd2 Nb6 11. Bb3 $1 {[%mdl 4] now scores much better than the old 11.Bb5.} (11.
b4 $142 Be7 12. Qe2) 11... a5 ({Better is} 11... Qxd3 12. Bc2 Bxf3 13. Nxf3
Qxd1 14. Bxd1 Rae8) 12. Ne4 $11 a4 13. Bc2 {[#]} Ra5 $146 ({Predecessor:} 13...
Be7 14. Ng3 Bxf3 15. Qxf3 Bg5 16. d4 Bxc1 17. Raxc1 exd4 18. Be4 dxc3 19. Rxc3
Qd2 {1-0 (30) Stevic,H (2575)-Plenca,J (2483) Vinkovci 2020}) 14. b4 axb3 $1
15. Bxb3 Be7 16. Ng3 Bg6 17. d4 Bf6 {[%cal Re5d4]} 18. Be3 (18. Ne4 {is more
complex.} Bxe4 19. Rxe4 exd4 20. cxd4 Ra8 21. Rb1) 18... exd4 19. Nxd4 Nd5 20.
Nxc6 bxc6 {[%cal Bb7c6,Bc6d5][%mdl 32]} 21. Bxd5 (21. Bd4 $11) 21... cxd5 $15
22. Bd4 h6 23. Bxf6 Qxf6 24. Qd4 Qxd4 25. cxd4 Rfa8 26. Re2 Bd3 27. Rd2 Bc4 {
[%cal Ra5a2]} 28. Nf5 Rxa2 29. Rdxa2 Rxa2 30. Rxa2 Bxa2 {[%mdl 4096] Endgame
KB-KN} 31. f4 Kf8 32. Kf2 Bb1 33. Ne3 Be4 34. g3 Ke7 35. Ke2 Kd6 36. Kd2 c5 37.
Kc3 h5 38. h4 Kc6 39. Nd1 Kb5 40. Ne3 c4 41. Nd1 Ka4 42. Kb2 Kb4 {[#] And now .
..c3+! would win.} 43. Nc3 f6 44. Na2+ Kb5 45. Nc3+ Kc6 46. Nd1 Bf3 47. Nc3 Bg2
48. Nd1 Be4 49. Nc3 Kd6 50. Kc1 Kd7 51. Kd2 Kc6 52. Kc1 Bg2 53. Kb2 Kd6 {
...Ke6 is the strong threat.} 54. Nd1 Bf3 55. Ne3 Kc6 56. Nf5 Bg4 (56... g6 $17
57. Ne3 Be4) 57. Nxg7 $11 {The position is equal.} Kd6 58. f5 Ke7 59. Ne6 Kd6 (
59... Bxf5 $5 60. Nf4 $8 Be4 $11) 60. Nf4 Bf3 61. Kc3 Kc6 62. Kb4 Bg4 63. Kc3
Kd6 64. Kb4 Kc6 {White happily takes the draw.  Weighted Error Value: White=0.
10/Black=0.10} 1/2-1/2